Nutrición y salud (Registro nro. 1881)
[ vista simple ]
| 000 -CABECERA | |
|---|---|
| Campo de control interno | 01116nam a22003377a 4500 |
| 005 - FECHA Y HORA DE LA CATALOGACION | |
| Campo de control | 20260408100458.0 |
| 008 - ELEMENTOS DE LONGITUD FIJA - INFORMACION | |
| Elementos de Longitud Fija - Informaci | 260408t20162021cl ||||| |||| 00| 0 spa d |
| 020 ## - ISBN | |
| ISBN | 978-956-220-386-9 |
| 040 ## - ORIGEN DE LA CATALOGACION | |
| Origen de la Catalogación | Iste |
| 041 ## - CODIGO DE LENGUAJE | |
| Código de lenguaje del texto | spa |
| 044 ## - CODIGO ISO DE PAIS | |
| Código ISO de País | cl |
| 082 ## - NUMERO DE CLASIFICACION CDU | |
| Clasificacion | 612.39 |
| Cutter | R949 |
| 100 ## - AUTOR PERSONAL | |
| Autor Personal | Ruz, Manuel |
| Titulos u otras palabras asociadas al nombre | Autor |
| Rol del Autor | Autor |
| 9 (RLIN) | 9522 |
| 245 ## - TÍTULO GENERAL | |
| Título | Nutrición y salud |
| 250 ## - EDICION | |
| Edición | 2a. ed. |
| Resto de la edición | 2a. reimp. |
| 260 ## - EDITORIAL | |
| Ciudad - País | Santiago - Chile |
| Nombre de la Editorial | Mediterraneo |
| Fecha | 2021 |
| 300 ## - DESCRIPCION | |
| Número de páginas | 680 páginas, |
| Información descriptiva | gráficos, ilustraciones, tablas. |
| 650 ## - DESCRIPTORES - TEMAS | |
| Temas - Descriptores | ENERGÍA Y NUTRIENTES |
| 9 (RLIN) | 9523 |
| 650 ## - DESCRIPTORES - TEMAS | |
| Temas - Descriptores | ALIMENTOS Y COMPUESTOS ALIMENTARIOS |
| 9 (RLIN) | 9524 |
| 650 ## - DESCRIPTORES - TEMAS | |
| Temas - Descriptores | EVALUACIÓN DEL ESTADO NUTRICIONAL |
| 9 (RLIN) | 9525 |
| 650 ## - DESCRIPTORES - TEMAS | |
| Temas - Descriptores | ALIMENTACIÓN EN EL CICLO VITAL |
| 9 (RLIN) | 9526 |
| 650 ## - DESCRIPTORES - TEMAS | |
| Temas - Descriptores | CONDICIONES DISIOPATOLÓGICAS DEL ADULTO |
| 9 (RLIN) | 9527 |
| 653 ## - CATEGORIAS | |
| Categorías Secundarias | TECNOLOGÍA Y CIENCIAS MÉDICAS |
| 653 ## - CATEGORIAS | |
| Categorías Secundarias | NUTRICIÓN |
| 700 ## - COAUTOR PERSONAL | |
| Coautor Personal | Pérez, Francisco |
| Rol del autor | Autor |
| 9 (RLIN) | 9528 |
| 700 ## - COAUTOR PERSONAL | |
| Coautor Personal | Araya, Héctor |
| Rol del autor | Autor |
| 9 (RLIN) | 9529 |
| 700 ## - COAUTOR PERSONAL | |
| Coautor Personal | Atalah, Eduardo |
| Rol del autor | Autor |
| 9 (RLIN) | 9530 |
| 700 ## - COAUTOR PERSONAL | |
| Coautor Personal | Carrasco, Fernando |
| Rol del autor | Autor |
| 9 (RLIN) | 9531 |
| 700 ## - COAUTOR PERSONAL | |
| Coautor Personal | Galgani, José |
| Rol del autor | Autor |
| 9 (RLIN) | 9532 |
| 942 ## - ELEMENTOS DE KOHA | |
| Esquema de Clasificacion | Clasificación decimal universal |
| Tipo de Documento | Libros |
| Catalogador | Usuario Catalogador |
| Estatus retirado | Estado de pérdida | Fuente de Clasificacion | Estado de daño | No para préstamo | Carrera | Dependencia | Dependencia | Estado | Fecha de Adquisición | Vía de adquisición | Inventario | Total de préstamos | CDU | Código de barras | Visto por última vez | Numero de copia o ejemplar | Tipo de Item |
|---|---|---|---|---|---|---|---|---|---|---|---|---|---|---|---|---|---|
| Clasificación decimal universal | Enfermería | ISTE BG DRS | ISTE BG DRS | Disponible | 2026-04-08 | Donación | BLDS03814 | 612.39 R949 | BG26040056 | 2026-04-08 | Ej. 1 | Libros |
